000 00817nab a2200253 4500
003 BR-BrBNA
005 20260106002453.0
008 260106b bl.||||| |||| 00| 0 por d
040 _aBR-BrBNA
_bpor
072 _aL02 ; H10
_b1990
100 _aOndei, Vera
245 _aSó a palma salva
_bAgronegócios
500 _a5 illus.
650 _aPALMA FORRAGEIRA
650 _aALIMENTAÇÃO ANIMAL
650 _aCAPRINOCULTURA
650 _aPRAGA DE PLANTA
650 _aCOCHONILHA BRANCA
650 _aCOCHONILHA VERMELHA
650 _aSERTÃO NORDESTINO
773 0 _01706
_9348133
_dSão Paulo-SP Editora Três Ltda - E-mail: luizfsa@revistadinheiro.com.br 2004
_o2025-0624
_tDinheiro Rural (Brazil)
_x1807-3700
_gv. 9(111) p. 70-73; (Feb 2014)
_wBR2025005904
942 _cANA
999 _c339743
_d339743